Most Popular Girls Names in Iowa - Statistics

General Stats
  • This quiz has been taken 148 times
  • The average score is 10 of 22
Answer Stats
Hint Answer % Correct
2000-12 Emma
66%
1980-95 Jessica
65%
1980-83, 1986-88 Sarah
65%
1990-03, 2005 Emily
64%
1980-87 Jennifer
64%
2003-2012 Olivia
60%
1995-02, 2006 Hannah
52%
1980-91 Amanda
51%
2005-12 Ava
50%
1983-94 Ashley
49%
2010-2012 Sophia
47%
1996-06 Madison
46%
2009-2010 Isabella
45%
1989-90, 1992-93, 1995-96 Samantha
42%
1980-82 Melissa
37%
2003-04, 2007 Grace
36%
2002, 2004, 2008 Abigail
35%
1984-85, 1988-89, 1991-92, 1994, 1997 Megan
35%
1993-99 Taylor
34%
2007-09, 2011 Addison
18%
1998-01 Alexis
16%
2012 Harper
16%
No matching quizzes found
Score Distribution
Percent of People with Each Score
Percentile by Number Answered
Your Score History
You have not taken this quiz